000 00292nam a22001337a 4500
008 170529b xxu||||| |||| 00| 0 eng d
020 _a9780130856036
041 _aeng
080 _22ND
_a62
100 _a27
101 _aIM
245 _aCALCULUS FOR ENGINEERS
_cTRIM, D
942 _2udc
_cBK
999 _c14797
_d14797